000 00281nam a2200109Ia 4500
008 200302s9999 xx 000 0 und d
100 _aGordon Cullen
245 _aThe Concise Townscape
260 _bArchitectural Press in an Imprint of Elsevier
260 _c2009
300 _a199 P.,
999 _c5771
_d5771